000
00330nam a2200133Ia 4500
005
20251222155145.0
008
251222s9999||||xx |||||||||||||| ||spa||
082
_a
PED.01.1
100
_a
BEHRMAN V.
245
0
_a
Nelson Tratado de PediatrĂa 12a. Edic. Vol. I
250
_a
9na. ed.
264
_b
Interamericana
942
_c
LIB
999
_c
39325
_d
39325